000 00332 a2200133 4500
000 nam a22 7a 4500
100 _aSachin Kumar
110 _aSachin Kumar
245 _aSharirik Shiksha Vastunisthya
250 _aLatest edition
260 _bKhel Sahitya Kendra
_c2025
264 _bKhel Sahitya Kendra
_c2025
942 _cBK
999 _c393760
_d393760